[Event "ROM-ch (Women)"]
[Site "Baile Tusnad"]
[Date "2001.02.19"]
[Round "12"]
[White "Cosma, Elena Luminita"]
[Black "Trofim, Georgiana"]
[Result "1-0"]
[WhiteElo "2343"]
[BlackElo "2102"]
[PlyCount "65"]
[EventDate "2001.02.05"]
[EventType "tourn"]
[EventRounds "13"]
[EventCountry "ROU"]
[SourceTitle "CBM 080 Extra"]
[Source "ChessBase"]
[SourceDate "2001.03.08"]
[SourceVersion "1"]
[SourceVersionDate "2001.03.08"]
[SourceQuality "1"]

1. d4 Nf6 2. Nf3 e6 3. g3 c5 4. Bg2 d5 5. 0-0 Nc6 6. c4 Be7 7. cxd5 Nxd5 8. dxc5 0-0 9. a3 Bxc5 10. Qc2 Be7 11. Rd1 Qc7 12. e4 Nf6 13. Bf4 Qb6 14. Nc3 e5 15. Nxe5 Nxe5 16. Bxe5 Bg4 17. Rd2 Rac8 18. Bd4 Bc5 19. Bxc5 Qxc5 20. Qd3 Qh5 21. Nd5 Nxd5 22. exd5 Rfd8 23. Qe3 b6 24. h4 h6 25. Re1 Bd7 26. Qf4 Bb5 27. Re7 Rc1+ 28. Kh2 Rdc8 29. Bf3 Qg6 30. Be4 Qh5 31. d6 g5 32. Qf5 Qg6 33. Qxc8+ 1-0

[Event "ROM-ch (Women)"]
[Site "Baile Tusnad"]
[Date "2001.02.18"]
[Round "11"]
[White "Trofim, Georgiana"]
[Black "Voicu Jagodzinsky, Carmen"]
[Result "1/2-1/2"]
[WhiteElo "2102"]
[BlackElo "2162"]
[PlyCount "141"]
[EventDate "2001.02.05"]
[EventType "tourn"]
[EventRounds "13"]
[EventCountry "ROU"]
[SourceTitle "CBM 080 Extra"]
[Source "ChessBase"]
[SourceDate "2001.03.08"]
[SourceVersion "1"]
[SourceVersionDate "2001.03.08"]
[SourceQuality "1"]

1. c4 e5 2. Nc3 Nc6 3. d3 g6 4. g3 Bg7 5. Bg2 d6 6. e3 Nge7 7. Nge2 Be6 8. 0-0 Qd7 9. Rb1 Bh3 10. e4 h5 11. Kh1 Bxg2+ 12. Kxg2 h4 13. Ng1 hxg3 14. fxg3 f5 15. h3 0-0-0 16. b4 Kb8 17. b5 Nd4 18. Be3 Rdf8 19. Qd2 Ne6 20. Nd5 Nc5 21. Bxc5 dxc5 22. Nxe7 Qxe7 23. Nf3 Rf6 24. Rbe1 f4 25. g4 Rd6 26. Rd1 Qd7 27. Qc3 Bf6 28. a4 Rd8 29. g5 Bg7 30. Ne1 Rd4 31. Rb1 Qe7 32. Nf3 Rxd3 33. Qc2 Qd7 34. a5 Rh8 35. Rh1 Rxf3 36. Kxf3 Rxh3+ 37. Rxh3 Qxh3+ 38. Ke2 Qg4+ 39. Kf1 Qxg5 40. Rd1 Bf6 41. Qd2 Qh4 42. Qg2 g5 43. Rd2 g4 44. Qh2 Qg5 45. Qh7 f3 46. Qd7 Qg8 47. Qd5 Qxd5 48. Rxd5 Kc8 49. Rxc5 Kd7 50. Rd5+ Ke6 51. Rd3 b6 52. a6 Be7 53. Kf2 Bh4+ 54. Kf1 Ke7 55. Rd5 Ke6 56. Rd3 Ke7 57. c5 bxc5 58. Rd5 Ke6 59. Rxc5 Bd8 60. Rc6+ Kf7 61. Rh6 Be7 62. Kf2 Bc5+ 63. Kg3 f2 64. Rh1 Ke6 65. Kxg4 Bd4 66. Kf3 Kd6 67. Rc1 Bb6 68. Rc6+ Kd7 69. Ke2 Bd4 70. Rf6 Bb6 71. Rc6 1/2-1/2

[Event "ROM-ch (Women)"]
[Site "Baile Tusnad"]
[Date "2001.02.15"]
[Round "8"]
[White "Ionescu, Irina"]
[Black "Trofim, Georgiana"]
[Result "1-0"]
[WhiteElo "2330"]
[BlackElo "2102"]
[PlyCount "182"]
[EventDate "2001.02.05"]
[EventType "tourn"]
[EventRounds "13"]
[EventCountry "ROU"]
[SourceTitle "CBM 080 Extra"]
[Source "ChessBase"]
[SourceDate "2001.03.08"]
[SourceVersion "1"]
[SourceVersionDate "2001.03.08"]
[SourceQuality "1"]

1. e4 c5 2. Nf3 d6 3. Bc4 Nf6 4. d3 Nc6 5. c3 e6 6. Bb3 Be7 7. 0-0 0-0 8. Re1 b6 9. Nbd2 Bb7 10. Nf1 d5 11. e5 Nd7 12. d4 cxd4 13. cxd4 Bc8 14. Bc2 f6 15. Bxh7+ Kxh7 16. Qc2+ Kh8 17. Qxc6 Rb8 18. Nh4 Qe8 19. exf6 Bxf6 20. Nf3 e5 21. dxe5 Bb7 22. Qd6 Be7 23. Qe6 Nc5 24. Qh3+ Kg8 25. Nd4 Ne4 26. Qe6+ Kh8 27. Be3 Bb4 28. Qxe8 Rbxe8 29. Rec1 Bc5 30. a3 Rxe5 31. b4 Bd6 32. f3 Ng5 33. Bxg5 Rxg5 34. Ne6 Rgf5 35. Nxf8 Rxf8 36. Rd1 Be5 37. Rac1 d4 38. a4 Rf6 39. Nd2 Bf4 40. Rc4 Be3+ 41. Kf1 Bd5 42. Rc8+ Kh7 43. Nc4 Be6 44. Nxe3 Bxc8 45. Rxd4 Rh6 46. h3 Rc6 47. Ke2 Be6 48. Kd3 Rc1 49. Re4 Bb3 50. a5 bxa5 51. bxa5 Ra1 52. Re5 a6 53. Kd4 Ra4+ 54. Kc3 Bf7 55. Rc5 Be8 56. Nf5 Bd7 57. Nd6 Ra2 58. Rg5 Kh6 59. h4 Ra4 60. Rd5 Be6 61. Re5 Bd7 62. Re7 Bb5 63. Nf5+ Kg6 64. Nxg7 Rxh4 65. Ne8 Ra4 66. Nd6 Bf1 67. Re6+ Kg7 68. Re1 Bxg2 69. Rg1 Ra2 70. Nf5+ Kf7 71. Nd6+ Ke6 72. Nc4 Bxf3 73. Rg6+ Kd5 74. Kb4 Be2 75. Rd6+ Ke4 76. Rxa6 Rc2 77. Re6+ Kd5 78. Rd6+ Ke4 79. Na3 Rb2+ 80. Kc5 Ra2 81. Kb4 Rb2+ 82. Kc3 Rb8 83. Re6+ Kf3 84. Kd4 Rb3 85. Rf6+ Kg3 86. Nc2 Rb5 87. Ra6 Rd5+ 88. Kxd5 Bxa6 89. Nb4 Be2 90. Kc5 Kf4 91. Nc6 Ba6 1-0

[Event "ROM-ch (Women)"]
[Site "Baile Tusnad"]
[Date "2001.02.11"]
[Round "5"]
[White "Jicman, Ligia Letitia"]
[Black "Trofim, Georgiana"]
[Result "1-0"]
[WhiteElo "2231"]
[BlackElo "2102"]
[PlyCount "53"]
[EventDate "2001.02.05"]
[EventType "tourn"]
[EventRounds "13"]
[EventCountry "ROU"]
[SourceTitle "CBM 080 Extra"]
[Source "ChessBase"]
[SourceDate "2001.03.08"]
[SourceVersion "1"]
[SourceVersionDate "2001.03.08"]
[SourceQuality "1"]

1. e4 c5 2. Nf3 d6 3. d4 cxd4 4. Nxd4 Nf6 5. Nc3 a6 6. Bc4 e6 7. Bb3 Be7 8. g4 h6 9. Be3 Nc6 10. Rg1 Na5 11. Qe2 Nxb3 12. axb3 g6 13. 0-0-0 e5 14. g5 exd4 15. Bxd4 hxg5 16. e5 Be6 17. exf6 Bxf6 18. Ne4 Bxd4 19. Rxd4 Kf8 20. Rxd6 Qc7 21. Rgd1 Rc8 22. Nc3 Qc5 23. Qf3 Rxh2 24. Qf6 Re8 25. Rd8 Qe7 26. Rxe8+ Kxe8 27. Qe5 1-0

[Event "ROM-ch (Women)"]
[Site "Baile Tusnad"]
[Date "2001.02.10"]
[Round "4"]
[White "Trofim, Georgiana"]
[Black "Calotescu, Ana Cristina"]
[Result "0-1"]
[WhiteElo "2102"]
[BlackElo "2206"]
[PlyCount "54"]
[EventDate "2001.02.05"]
[EventType "tourn"]
[EventRounds "13"]
[EventCountry "ROU"]
[SourceTitle "CBM 080 Extra"]
[Source "ChessBase"]
[SourceDate "2001.03.08"]
[SourceVersion "1"]
[SourceVersionDate "2001.03.08"]
[SourceQuality "1"]

1. c4 g6 2. g3 Bg7 3. Bg2 e5 4. Nc3 d6 5. d3 Nf6 6. e3 0-0 7. Nge2 c6 8. 0-0 Be6 9. Rb1 d5 10. b3 Re8 11. Bb2 dxc4 12. dxc4 Nbd7 13. Qd6 Bf8 14. Qd2 a5 15. Rbd1 a4 16. Qc2 a3 17. Ba1 Qa5 18. f4 Ng4 19. Rd3 Nc5 20. h3 Nxd3 21. hxg4 Nb4 22. Qb1 Qc5 23. Rf3 Bxg4 24. Ne4 Qe7 25. Bxe5 Bg7 26. Rf2 Bf5 27. N2c3 Rad8 0-1

[Event "ROM-chT2"]
[Site "Baile Tusnad"]
[Date "2000.??.??"]
[Round "?"]
[White "Ionica, Iulia Ionela"]
[Black "Trofim, Georgiana"]
[Result "1/2-1/2"]
[WhiteElo "2196"]
[BlackElo "2061"]
[PlyCount "88"]
[EventDate "2000.??.??"]
[EventType "team"]
[EventRounds "9"]
[EventCountry "ROU"]
[SourceTitle "EXT 2001"]
[Source "ChessBase"]
[SourceDate "2000.11.22"]
[SourceVersion "1"]
[SourceVersionDate "2000.11.22"]
[SourceQuality "1"]

1. e4 c5 2. Nf3 d6 3. d4 cxd4 4. Nxd4 Nf6 5. Nc3 a6 6. Be3 e6 7. Be2 Qc7 8. f4 b5 9. Bf3 Bb7 10. 0-0 Nbd7 11. f5 e5 12. Nb3 Nb6 13. Na5 Nc4 14. Nxc4 Qxc4 15. Nd5 Bxd5 16. exd5 Be7 17. a4 0-0 18. b3 Qc3 19. Re1 Rac8 20. Bd4 exd4 21. Rxe7 bxa4 22. Rxa4 Rfe8 23. Re2 Rxe2 24. Bxe2 Qe3+ 25. Kf1 Re8 26. Rxd4 Ne4 27. Rxe4 Rxe4 28. Bf3 Re5 29. c4 Rxf5 30. b4 Qf4 31. c5 Qxb4 32. c6 g5 33. h3 Qc5 34. Qb3 Qc1+ 35. Kf2 Qd2+ 36. Kg3 Qf4+ 37. Kf2 Qd4+ 38. Kg3 Kg7 39. c7 Qf4+ 40. Kf2 Qd2+ 41. Kg3 Qc1 42. Qb8 Qf4+ 43. Kf2 Qd2+ 44. Kg3 Qf4+ 1/2-1/2

[Event "Bucharest-B (Women)"]
[Site "Bucharest"]
[Date "2000.??.??"]
[Round "3"]
[White "Trofim, Georgiana"]
[Black "Calotescu, Ana Cristina"]
[Result "1-0"]
[WhiteElo "2061"]
[BlackElo "2176"]
[PlyCount "83"]
[EventDate "2000.03.??"]
[EventType "tourn"]
[EventRounds "11"]
[EventCountry "ROU"]
[SourceTitle "EXT 2001"]
[Source "ChessBase"]
[SourceDate "2000.11.22"]
[SourceVersion "1"]
[SourceVersionDate "2000.11.22"]
[SourceQuality "1"]

1. c4 g6 2. g3 Bg7 3. Bg2 e5 4. d3 d6 5. Nc3 Nf6 6. e3 0-0 7. Nge2 c6 8. 0-0 Be6 9. h3 d5 10. c5 Qd7 11. Kh2 Na6 12. d4 e4 13. a3 h5 14. Nf4 h4 15. Nxe6 fxe6 16. gxh4 Rf7 17. Ne2 Nh5 18. Nf4 Nxf4 19. exf4 Rf5 20. f3 e3 21. Bxe3 Bf6 22. Rg1 Bxh4 23. Bf1 Qh7 24. Bd3 Rf6 25. Qa4 Kh8 26. Qc2 Qh5 27. Rg4 g5 28. Rag1 Raf8 29. fxg5 Rxf3 30. Bg6 Qxg4 31. Rxg4 Bf2 32. Be8 R8f5 33. Bd2 Kg7 34. h4 Nc7 35. Bh5 Nb5 36. Qd1 Bxd4 37. Rxd4 Rf2+ 38. Kg1 Nxd4 39. Bc3 e5 40. Bxd4 R2f4 41. Bg4 Rxd4 42. Qxd4 1-0

[Event "ROM-ch sf (Women)"]
[Site "Baile Tusnad"]
[Date "2000.??.??"]
[Round "2"]
[White "Trofim, Georgiana"]
[Black "Ciobanu, Camelia Adriana"]
[Result "1-0"]
[WhiteElo "2061"]
[BlackElo "2169"]
[PlyCount "77"]
[EventDate "2000.05.??"]
[EventType "swiss"]
[EventRounds "9"]
[EventCountry "ROU"]
[SourceTitle "EXT 2001"]
[Source "ChessBase"]
[SourceDate "2000.11.22"]
[SourceVersion "1"]
[SourceVersionDate "2000.11.22"]
[SourceQuality "1"]

1. c4 e5 2. d3 Nc6 3. Nc3 d6 4. g3 Be6 5. Nf3 h6 6. d4 exd4 7. Nxd4 Bd7 8. Bg2 Nf6 9. Nd5 g6 10. Nxc6 Bxc6 11. Nxf6+ Qxf6 12. Bxc6+ bxc6 13. Qa4 Kd7 14. 0-0 Bg7 15. Bf4 Qe6 16. c5 g5 17. Be3 d5 18. Rad1 Kd8 19. Bd4 f6 20. e4 Re8 21. Bc3 d4 22. Rxd4+ Ke7 23. Qa5 Rac8 24. Rfd1 Kf7 25. Qxa7 Re7 26. Qb7 Kg6 27. a4 h5 28. f3 Rce8 29. a5 Kh7 30. a6 f5 31. Rd8 Rxd8 32. Rxd8 fxe4 33. Qc8 Qc4 34. Qf5+ Kh6 35. Bxg7+ Rxg7 36. Qf6+ Kh7 37. Qf5+ Rg6 38. Rd7+ Kh8 39. Qe5+ 1-0

[Event "Bucharest-B (Women)"]
[Site "Bucharest"]
[Date "2000.??.??"]
[Round "10"]
[White "Trofim, Georgiana"]
[Black "Ionescu, Irina"]
[Result "0-1"]
[WhiteElo "2061"]
[BlackElo "2291"]
[PlyCount "98"]
[EventDate "2000.03.??"]
[EventType "tourn"]
[EventRounds "11"]
[EventCountry "ROU"]
[SourceTitle "EXT 2001"]
[Source "ChessBase"]
[SourceDate "2000.11.22"]
[SourceVersion "1"]
[SourceVersionDate "2000.11.22"]
[SourceQuality "1"]

1. c4 e5 2. Nc3 Bb4 3. Nf3 Bxc3 4. dxc3 d6 5. e4 h6 6. c5 Nf6 7. cxd6 cxd6 8. Bc4 0-0 9. Qe2 b6 10. 0-0 Bb7 11. Rd1 Qc7 12. Bd3 Nbd7 13. Nh4 Nc5 14. Bc2 Bxe4 15. Bxe4 Ncxe4 16. f3 Nc5 17. Nf5 Rfd8 18. Qf2 Qd7 19. g4 Qe6 20. Qh4 Nh7 21. Be3 Rd7 22. Rd2 Rad8 23. Rad1 d5 24. Re1 Nf8 25. Bd4 Ng6 26. Qg3 f6 27. h4 Kf7 28. Qf2 Qc6 29. Be3 Ne6 30. Qg3 Ngf4 31. Bxf4 Nxf4 32. g5 hxg5 33. hxg5 Rh8 34. g6+ Kf8 35. Rh2 Qc5+ 36. Kh1 Rg8 37. Rh7 Ne6 38. Qh4 Ng5 39. Rh8 Qc4 40. Rxg8+ Kxg8 41. Rg1 Qxh4+ 42. Nxh4 d4 43. Rd1 Ne6 44. cxd4 Rxd4 45. Rxd4 Nxd4 46. Kg2 Kf8 47. Kf2 Ke7 48. Ke3 Ke6 49. Kd3 f5 0-1

[Event "Bucharest-B (Women)"]
[Site "Bucharest"]
[Date "2000.??.??"]
[Round "5"]
[White "Trofim, Georgiana"]
[Black "Smokina, Karolina"]
[Result "1-0"]
[WhiteElo "2061"]
[BlackElo "2099"]
[PlyCount "65"]
[EventDate "2000.03.??"]
[EventType "tourn"]
[EventRounds "11"]
[EventCountry "ROU"]
[SourceTitle "EXT 2001"]
[Source "ChessBase"]
[SourceDate "2000.11.22"]
[SourceVersion "1"]
[SourceVersionDate "2000.11.22"]
[SourceQuality "1"]

1. c4 Nf6 2. g3 g6 3. Bg2 Bg7 4. e3 0-0 5. Ne2 d5 6. cxd5 Nxd5 7. d4 e5 8. 0-0 exd4 9. Nxd4 c6 10. Qb3 Na6 11. Nc3 Nxc3 12. bxc3 c5 13. Nb5 Be6 14. Qa4 Qb6 15. Ba3 Bd7 16. Rab1 Bxc3 17. Rfd1 Be8 18. Qc4 Bb4 19. Nd6 Bc6 20. Bxc6 Qxc6 21. Bb2 Qf3 22. Ne4 Rfd8 23. Nf6+ Kg7 24. Rxd8 Rxd8 25. Qh4 Rd1+ 26. Rxd1 Qxd1+ 27. Kg2 Kf8 28. Nxh7+ Ke8 29. Nf6+ Kd8 30. Nd5+ Kd7 31. Qe7+ Kc6 32. Qe8+ Kd6 33. Qd8+ 1-0

[Event "ROM-ch (Women)"]
[Site "Iasi"]
[Date "1999.12.26"]
[Round "12"]
[White "Trofim, Georgiana"]
[Black "Calota, Alina"]
[Result "1/2-1/2"]
[WhiteElo "2029"]
[BlackElo "2096"]
[PlyCount "21"]
[EventDate "1999.12.15"]
[EventType "tourn"]
[EventRounds "13"]
[EventCountry "ROU"]
[SourceTitle "CBM 073 Extra"]
[Source "ChessBase"]
[SourceDate "2000.01.11"]
[SourceVersion "1"]
[SourceVersionDate "2000.01.11"]
[SourceQuality "1"]

1. c4 Nf6 2. Nf3 g6 3. g3 Bg7 4. Bg2 0-0 5. Nc3 d6 6. 0-0 e5 7. d3 h6 8. Rb1 a5 9. a3 Nc6 10. b4 axb4 11. axb4 1/2-1/2

[Event "ROM-ch (Women)"]
[Site "Iasi"]
[Date "1999.12.16"]
[Round "2"]
[White "Trofim, Georgiana"]
[Black "Ionica, Iulia Ionela"]
[Result "1/2-1/2"]
[WhiteElo "2029"]
[BlackElo "2211"]
[PlyCount "74"]
[EventDate "1999.12.15"]
[EventType "tourn"]
[EventRounds "13"]
[EventCountry "ROU"]
[SourceTitle "CBM 073 Extra"]
[Source "ChessBase"]
[SourceDate "2000.01.11"]
[SourceVersion "1"]
[SourceVersionDate "2000.01.11"]
[SourceQuality "1"]

1. c4 e5 2. Nc3 Nf6 3. Nf3 Nc6 4. e3 d5 5. cxd5 Nxd5 6. Bb5 f6 7. 0-0 Be7 8. d4 Nxc3 9. bxc3 e4 10. Nd2 f5 11. f3 exf3 12. Qxf3 0-0 13. Bxc6 bxc6 14. Qxc6 Rb8 15. Nf3 Rb6 16. Qa4 Bd7 17. Qc2 Bc6 18. a4 Be4 19. Qa2+ Kh8 20. Ba3 Rg6 21. Rf2 Bd6 22. Bxd6 cxd6 23. Nd2 Bd3 24. Qd5 Qe7 25. Re1 Re8 26. Qb3 Re6 27. Rf3 f4 28. e4 Bxe4 29. Nxe4 Rxe4 30. Rxe4 Qxe4 31. Qf7 Qe1+ 32. Rf1 Qe3+ 33. Kh1 h6 34. h3 Rc8 35. Rxf4 Rxc3 36. Qf8+ Kh7 37. Qf5+ Kh8 1/2-1/2

[Event "Centrocoop Sept op"]
[Site "Eforie Nord"]
[Date "1999.09.??"]
[Round "?"]
[White "Cernea, Magdalena"]
[Black "Trofim, Georgiana"]
[Result "1/2-1/2"]
[WhiteElo "2030"]
[BlackElo "2020"]
[PlyCount "20"]
[EventDate "1999.09.??"]
[EventType "swiss"]
[EventRounds "11"]
[EventCountry "ROU"]
[SourceTitle "EXT 2004"]
[Source "ChessBase"]
[SourceDate "2003.11.25"]
[SourceVersion "1"]
[SourceVersionDate "2003.11.25"]
[SourceQuality "1"]

1. e4 c5 2. Nf3 d6 3. d4 cxd4 4. Nxd4 Nf6 5. Nc3 a6 6. Bg5 e6 7. f4 Be7 8. Qf3 Qc7 9. 0-0-0 0-0 10. g4 b5 1/2-1/2

[Event "Centrocoop Sept op"]
[Site "Eforie Nord"]
[Date "1999.09.??"]
[Round "?"]
[White "Mihai, Narcisa"]
[Black "Trofim, Georgiana"]
[Result "1/2-1/2"]
[WhiteElo "2010"]
[BlackElo "2020"]
[PlyCount "112"]
[EventDate "1999.09.??"]
[EventType "swiss"]
[EventRounds "11"]
[EventCountry "ROU"]
[SourceTitle "EXT 2004"]
[Source "ChessBase"]
[SourceDate "2003.11.25"]
[SourceVersion "1"]
[SourceVersionDate "2003.11.25"]
[SourceQuality "1"]

1. e4 c5 2. Nf3 d6 3. c3 Nf6 4. e5 dxe5 5. Nxe5 a6 6. d4 e6 7. Be2 cxd4 8. cxd4 Bd6 9. Nc3 0-0 10. Bg5 Nbd7 11. f4 h6 12. Bh4 Bb4 13. 0-0 Qa5 14. Qd3 Nd5 15. Nxd5 Qxd5 16. Bd1 Nxe5 17. fxe5 Qb5 18. Qg3 Bd2 19. Bf6 Bg5 20. h4 Bxf6 21. exf6 g6 22. Qf4 Kh7 23. h5 Bd7 24. hxg6+ fxg6 25. Bb3 Rf7 26. Rae1 Raf8 27. Qe5 Qb4 28. Re4 Qd2 29. Re2 Qb4 30. d5 Bb5 31. Rf4 Qc5+ 32. Re3 Rxf6 33. Rxf6 Rxf6 34. dxe6 Qc1+ 35. Re1 Rf1+ 36. Rxf1 Qxf1+ 37. Kh2 Qf2 38. Qc7+ Kh8 39. Qd8+ Kh7 40. Qe7+ Kh8 41. Qb4 Qf6 42. Qe4 Qe7 43. Qe5+ Qg7 44. Qb8+ Qg8 45. Qxb7 Qf8 46. Qe4 Qe7 47. g3 Qf6 48. Bc2 Qf2+ 49. Qg2 Qxg2+ 50. Kxg2 Kg7 51. Bb3 Kf6 52. Kf3 Bd3 53. g4 h5 54. gxh5 gxh5 55. Kf4 Be2 56. Bd5 Bg4 1/2-1/2

[Event "ROM-ch sf (Women)"]
[Site "Baile Tusnad"]
[Date "1999.??.??"]
[Round "5"]
[White "Calota, Alina"]
[Black "Trofim, Georgiana"]
[Result "1-0"]
[WhiteElo "2096"]
[BlackElo "2029"]
[PlyCount "59"]
[EventDate "1999.09.??"]
[EventType "swiss"]
[EventRounds "9"]
[EventCountry "ROU"]
[SourceTitle "EXT 2000"]
[Source "ChessBase"]
[SourceDate "1999.11.16"]
[SourceVersion "1"]
[SourceVersionDate "1999.11.16"]
[SourceQuality "1"]

1. e4 c5 2. Nf3 d6 3. d4 cxd4 4. Nxd4 Nf6 5. Nc3 a6 6. Be3 e6 7. f3 Nbd7 8. Qd2 b5 9. g4 h6 10. 0-0-0 Bb7 11. h4 b4 12. Nce2 d5 13. Bh3 dxe4 14. g5 hxg5 15. hxg5 exf3 16. Ng3 Nd5 17. g6 f5 18. Nxe6 Qa5 19. Kb1 Ne5 20. Nxf5 Rg8 21. Bf4 Nxf4 22. Qxf4 f2 23. Rhf1 Bf3 24. Rd4 b3 25. axb3 Rc8 26. Nxf8 Qe1+ 27. Ka2 Qa5+ 28. Ra4 Qd5 29. Ne6 Rxc2 30. Nfxg7+ 1-0

[Event "ROM-ch op (Women)"]
[Site "Eforie Nord"]
[Date "1997.??.??"]
[Round "?"]
[White "Olarasu, Gabriela"]
[Black "Trofim, Georgiana"]
[Result "1-0"]
[WhiteElo "2355"]
[BlackElo "2060"]
[PlyCount "119"]
[EventDate "1997.09.??"]
[EventType "swiss"]
[EventRounds "11"]
[EventCountry "ROU"]
[SourceTitle "EXT 2000"]
[Source "ChessBase"]
[SourceDate "1999.11.16"]
[SourceVersion "1"]
[SourceVersionDate "1999.11.16"]
[SourceQuality "1"]

1. Nf3 Nf6 2. c4 c5 3. g3 g6 4. Bg2 Bg7 5. 0-0 Nc6 6. Nc3 0-0 7. d4 cxd4 8. Nxd4 Ng4 9. e3 Nge5 10. b3 d6 11. Nxc6 Nxc6 12. Bb2 Bf5 13. Qd2 Qd7 14. Rad1 Rad8 15. Rfe1 Ne5 16. Qe2 b6 17. f3 Bh3 18. Bh1 h5 19. Nd5 Rc8 20. Nf4 Rc5 21. Nxh3 Qxh3 22. Bg2 Qf5 23. f4 Ng4 24. e4 Qe6 25. Bxg7 Kxg7 26. Qb2+ Qf6 27. Qxf6+ Nxf6 28. e5 dxe5 29. fxe5 Ng4 30. h3 Nh6 31. Rd7 Ra5 32. a4 e6 33. Bc6 Rc5 34. Bb5 Ra8 35. b4 Rcc8 36. Ba6 Rd8 37. Red1 Rxd7 38. Rxd7 Nf5 39. Kf2 g5 40. c5 bxc5 41. bxc5 Kf8 42. Bb7 Ke8 43. Bc6 Rc8 44. Bb5 a6 45. Rc7+ Kd8 46. Rxc8+ Kxc8 47. Bxa6+ Kc7 48. Bb5 Nd4 49. Ke3 Nb3 50. c6 Na5 51. Kd4 Nb3+ 52. Kc4 Nd2+ 53. Kb4 Ne4 54. g4 hxg4 55. hxg4 Nf2 56. a5 Nxg4 57. Kc5 Ne3 58. a6 Nd5 59. a7 Nb6 60. Be2 1-0

[Event "ROM-ch op (Women)"]
[Site "Eforie Nord"]
[Date "1997.??.??"]
[Round "?"]
[White "Trofim, Georgiana"]
[Black "Baciu, Anca Otilia"]
[Result "0-1"]
[WhiteElo "2060"]
[BlackElo "2195"]
[PlyCount "66"]
[EventDate "1997.09.??"]
[EventType "swiss"]
[EventRounds "11"]
[EventCountry "ROU"]
[SourceTitle "EXT 2000"]
[Source "ChessBase"]
[SourceDate "1999.11.16"]
[SourceVersion "1"]
[SourceVersionDate "1999.11.16"]
[SourceQuality "1"]

1. c4 Nf6 2. Nf3 e6 3. Nc3 c5 4. d4 cxd4 5. Nxd4 a6 6. e4 d6 7. Be2 Qc7 8. 0-0 Be7 9. Be3 b6 10. Qa4+ Nfd7 11. Bg4 0-0 12. f4 Nf6 13. Bf3 Bb7 14. f5 e5 15. Nde2 Rc8 16. Nd5 Bxd5 17. cxd5 b5 18. Qa3 Nbd7 19. Rac1 Qb7 20. g4 h6 21. Kh1 Nc5 22. Bxc5 dxc5 23. Qc3 Qc7 24. Rg1 Nh7 25. Ng3 Bg5 26. Rc2 Nf6 27. Nf1 Qe7 28. Ne3 c4 29. Ng2 b4 30. Qe1 b3 31. Re2 Nd7 32. h4 Bf4 33. a3 Nc5 0-1